000 00457nam a2200193Ia 4500
003 0100
008 130303s9999 xx 000 0 und d
040 _cARRUPELIB
050 _aB2430.S32E5 1965
100 _aSartre, Jean-Paul
245 4 _aThe philosophy of existentialism
260 _aNew York
260 _bPhilosophical Library
260 _C1965
300 _aviii
300 _b 437p. 21cm.
700 _aWade, Baskin (ed.)
942 0 0 _01
999 _c40118
_d40118